00337nam a2200121Ia 4500008004100000041001200041082002400053100003500077245006300112260001600175300001200191650001200203231217s9999 xx 000 0 und d aEnglish a001.6424FOR RED R aReddy, Rama N Ziegler, Carol A 0aFortran 77: With applications for scientists and engineers c1990bJaico axix+564 aFortran